书目信息 |
| 题名: |
养好脾胃 健康常在
|
|
| 作者: | 臧俊岐 , 柴瑞震 主编 | |
| 分册: | ||
| 出版信息: | 重庆 重庆出版社 2015 |
|
| 页数: | 264页 | |
| 开本: | 24cm | |
| 丛书名: | ||
| 单 册: | ||
| 中图分类: | R256.3 | |
| 科图分类: | ||
| 主题词: | 健脾--养生(中医) , 益胃--养生(中医) | |
| 电子资源: | ||
| ISBN: | 978-7-229-04498-5 | |
| 000 | 01104nam0 2200265 450 | |
| 001 | 2372 | |
| 001 | 01CN11901041@CSLN | |
| 005 | 20161205103845.31 | |
| 010 | @a978-7-229-04498-5@dCNY26.80 | |
| 100 | @a20160106d2015 em y0chiy50 ea | |
| 101 | 0 | @achi |
| 102 | @aCN@b500000 | |
| 105 | @aa z 000yy | |
| 200 | 1 | @a养好脾胃 健康常在@b专著@f臧俊岐,柴瑞震主编@9yang hao pi wei jian kang chang zai |
| 210 | @a重庆@c重庆出版社@d2015 | |
| 215 | @a264页@c图@d24cm | |
| 300 | @a百万册健康书系列 | |
| 330 | @a本书从养生的角度出发,论述了养脾胃与人之健康长寿的联系及重要性,养好脾胃并不需要过多的名贵药材、保健品,以平和的饮食、理疗养生往往能收到意想不到的效果,以此为据,书中详细介绍了脾经、胃经异常会引起的病症、如何调理脾、胃经等,并分经列举了两经所包含的穴位及其定位、取穴、功效、主治、配伍、操作方法等。本书还详细讲解了中老年人养脾胃的膳食指南以及多种养脾胃的日常食材。 | |
| 606 | 0 | @a健脾@x养生(中医) |
| 606 | 0 | @a益胃@x养生(中医) |
| 690 | @aR256.3@v5 | |
| 701 | 0 | @a臧俊岐@4主编 |
| 701 | 0 | @a柴瑞震@4主编 |
| 801 | 0 | @aCN@b大连网信软件有限公司图书馆·11@c20161205 |
| 905 | @aZUCC@dR256.3@e358 | |
| 养好脾胃 健康常在/臧俊岐,柴瑞震主编.-重庆:重庆出版社,2015 |
| 264页:图;24cm |
| 百万册健康书系列 |
| ISBN 978-7-229-04498-5:CNY26.80 |
| 本书从养生的角度出发,论述了养脾胃与人之健康长寿的联系及重要性,养好脾胃并不需要过多的名贵药材、保健品,以平和的饮食、理疗养生往往能收到意想不到的效果,以此为据,书中详细介绍了脾经、胃经异常会引起的病症、如何调理脾、胃经等,并分经列举了两经所包含的穴位及其定位、取穴、功效、主治、配伍、操作方法等。本书还详细讲解了中老年人养脾胃的膳食指南以及多种养脾胃的日常食材。 |
| ● |
| 相关链接 |
|
|
|
|
正题名:养好脾胃 健康常在
索取号:R256.3/358
 
预约/预借
| 序号 | 登录号 | 条形码 | 馆藏地/架位号 | 状态 | 备注 |
| 1 | 910721 | 209107214 | 第二样本阅览室/ [索取号:R256.3/358] | 在馆 | |
| 2 | 910722 | 209107223 | 第三借阅区/ [索取号:R256.3/358] | 在馆 | |
| 3 | 910723 | 209107232 | 第三借阅区/ [索取号:R256.3/358] | 在馆 | |
| 4 | 910724 | 209107241 | 第三借阅区/ [索取号:R256.3/358] | 在馆 | |
| 5 | 910725 | 209107250 | 第三借阅区/ [索取号:R256.3/358] | 在馆 |